| 000 | 00411nam a22001457a 4500 | ||
|---|---|---|---|
| 003 | SGT | ||
| 082 |
_a617.84 _bE24K |
||
| 100 | _aKUMAR, YOGESH | ||
| 245 | _aEFFECT OF BLOOD FLOW RESTRICTION TRAINING ON REACTION TIME , EXECUTIVE FUNCTIONS AND PERCEPTUAL SPEED IN VOLLEYBALL PLAYERS | ||
| 260 |
_aGURUGRAM _bSGT UNIVERSITY _c2024 |
||
| 300 | _a104 | ||
| 650 | _aNEUROLOGY | ||
| 653 | _aMPT | ||
| 942 |
_2ddc _cTH |
||
| 999 |
_c32190 _d32190 |
||